Central Library OPAC University of Rajshahi

Form and content in industrial democracy : (Record no. 43531)

MARC details
000 -LEADER
fixed length control field 01075nam a2200289 a 4500
001 - CONTROL NUMBER
control field 43531
003 - CONTROL NUMBER IDENTIFIER
rucl marc code BD-RjUL
005 - DATE AND TIME OF LATEST TRANSACTION
control field 20211209053718.0
008 - FIXED-LENGTH DATA ELEMENTS--GENERAL INFORMATION
fixed length control field 160622m19691964enka b 001 0 eng
020 ## - INTERNATIONAL STANDARD BOOK NUMBER
International Standard Book Number 0422728608
035 ## - SYSTEM CONTROL NUMBER
System control number (BD-RjUL)43649
040 ## - CATALOGING SOURCE
Original cataloging agency DLC
Transcribing agency DLC
Language of cataloging eng
Modifying agency BD-RjUL
041 1# - LANGUAGE CODE
Language code of text/sound track or separate title engnor
082 ## - DEWEY DECIMAL CLASSIFICATION NUMBER
Edition number 23
Classification number 331.152094
Author mark and year EMF 1969
100 1# - MAIN ENTRY--PERSONAL NAME
Personal name Emery, F. E.
Fuller form of name (Frederick Edmund)
9 (RLIN) 133724
245 10 - TITLE STATEMENT
Title Form and content in industrial democracy :
Remainder of title some experiences from Norway and other European countries /
Statement of responsibility, etc. by F. E. Emery and Einar Thorsrud in cooperation with Eric Trist
260 ## - PUBLICATION, DISTRIBUTION, ETC. (IMPRINT)
Place of publication, distribution, etc. London :
Name of publisher, distributor, etc. Tavistock Publications,
Date of publication, distribution, etc. 1969
300 ## - PHYSICAL DESCRIPTION
Pagination xi, 116 p. :
Illustrations ill. ;
Size 23 cm.
504 ## - BIBLIOGRAPHY, ETC. NOTE
Bibliography, etc Includes bibliography: (p. 110-111) and index
650 #0 - SUBJECT ADDED ENTRY--TOPICAL TERM
Topical term or geographic name as entry element Management
General subdivision Employee participation
Geographic subdivision Norway
9 (RLIN) 133725
Topical term or geographic name as entry element Management
General subdivision Employee participation
Geographic subdivision Europe
9 (RLIN) 133726
700 1# - ADDED ENTRY--PERSONAL NAME
Personal name Thorsrud, Einar.
Personal name Trist, E. L.
830 #0 - SERIES ADDED ENTRY--UNIFORM TITLE
Uniform title Technology and democratic society
942 ## - ADDED ENTRY ELEMENTS (KOHA)
Source of classification or shelving scheme Dewey Decimal Classification
Koha item type Books
Holdings
Lost status Source of classification or shelving scheme Damaged status Not for loan Collection code Permanent Location Current Location Shelving location Date acquired Source of acquisition Cost, normal purchase price Total Checkouts Full call number Date last seen Copy number Koha item type
  Dewey Decimal Classification     Non-fiction Central Library, University of Rajshahi Central Library, University of Rajshahi   17/07/1973 Provincial book dipo 33.60   331.152094 EMF 1969 22/06/2016 C-2 Books